000 00376nam a2200145 a 4500
005 20140412111422.0
008 080122s19uu xx 00 eng d
020 _a983-3434-71-1
050 _aTR(GS 372.7
_bMa425 2007
245 _aMathematics. B.2.
260 _aMalaysia :
_bLittle Sun Sdn. Bhd.
440 _aKindergarten series
650 _aWorkbook
999 _c106101
_d106101